The new physical fitness : exercise for everybody /

Saved in:
Bibliographic Details
Main Author: Di Gennaro, Joseph
Format: Book
Language:English
Published: Englewood, Colo. : Morton, 1983.
Subjects:
LEADER 00897nam a2200253 a 4500
001 c000313014
003 CARM
005 00000000000000.0
008 s1983 coua b 00110 eng d
019 1 |a 3957190  |5 LACONCORD2021 
020 |a 0895820978 
035 |a (OCoLC)9344626  |5 LACONCORD2021 
082 0 4 |a 613.7  |2 19 
100 2 0 |a Di Gennaro, Joseph. 
245 1 4 |a The new physical fitness :  |b exercise for everybody /  |c by Joseph Di Gennaro. 
260 |a Englewood, Colo. :  |b Morton,  |c 1983. 
300 |a 229 p. :  |b ill. ;  |c 23 cm. 
500 |a Includes index. 
500 |a Bibliography: p. 203-204. 
650 0 |a Exercise. 
650 0 |a Physical fitness. 
852 8 |b CARM  |h A3:AD02A0  |i B11003  |p 0470097  |f BK 
999 f f |i 29fc4be9-0c06-50fa-81dd-afa471490049  |s 97529cc7-7363-5f40-941e-a97d39c2226b 
952 f f |p Can circulate  |a CAVAL  |b CAVAL  |c CAVAL  |d CARM 1 Store  |e B11003  |f A3:AD02A0  |h Other scheme  |i book  |m 0470097